Country Math and Scramble - Statistics

General Stats
  • This quiz has been taken 30 times
  • The average score is 11 of 20
Answer Stats
Hint Answer % Correct
Nigeria - ia = Niger
97%
Austria + al = Australia
93%
Mali + dves = Maldives
76%
India + ones = Indonesia
72%
Dominican Republic - nrepublic = Dominica
69%
Iran + eld = Ireland
69%
Oman + goli = Mongolia
69%
Liechtenstein - tenstein = Chile
66%
Somalia - li = Samoa
62%
Spain + gore = Singapore
62%
Somalia - mia = Laos
59%
Gabon + siandherzeovina = Bosnia and Herzegovina
55%
North Macedonia - nortmeonia = Chad
45%
Bosnia and Herzegovina - osnindezegov = Bahrain
41%
Equatorial Guinea - euoilguinea = Qatar
41%
United States of America - itettesofamerica = Sudan
41%
Ecuador + minicnpbli = Dominican Republic
38%
Trinidad and Tobago - rinidadadtob = Tonga
38%
San Marino + otedpcipe = Sao Tome and Principe
28%
Romania + nthcedo = North Macedonia
24%
No matching quizzes found
Score Distribution
Percent of People with Each Score
Percentile by Number Answered
Your Score History
You have not taken this quiz